[Event "Bergamo Province-ch"]
[Site "Bergamo"]
[Date "2003.11.07"]
[Round "5"]
[White "Omacini, Mario"]
[Black "Fiorona, Gianpietro"]
[Result "0-1"]
[WhiteElo "1374"]
[BlackElo "1621"]
[PlyCount "60"]
[EventDate "2003.10.10"]
[EventType "swiss"]
[EventRounds "8"]
[EventCountry "ITA"]
[SourceTitle "EXT 2023"]
[Source "ChessBase"]
[SourceDate "2022.10.05"]
[SourceVersion "1"]
[SourceVersionDate "2022.10.05"]
[SourceQuality "1"]

1. d4 Nf6 2. Nf3 d5 3. c4 e6 4. Bg5 Be7 5. e3 0-0 6. Nc3 c6 7. cxd5 exd5 8. h3 h6 9. Bh4 Ne4 10. Bxe7 Qxe7 11. Qc2 Nxc3 12. Qxc3 Bf5 13. Be2 Nd7 14. g4 Be4 15. Rg1 Bxf3 16. Bxf3 f5 17. 0-0-0 fxg4 18. Bxg4 Rxf2 19. Rg3 Raf8 20. Qd3 Nf6 21. Be2 Ne4 22. Rg4 R2f5 23. Rdg1 Rg5 24. Rxg5 Nxg5 25. Bg4 Ne4 26. Qe2 Rf2 27. Qe1 c5 28. Qa5 cxd4 29. Qxd5+ Kh8 30. exd4 Qc7+ 0-1